Welcome to CU Library Online Public Access Catalogue (OPAC)

Computer-aided statics and strength of materials / (Record no. 1045)

MARC details
000 -LEADER
fixed length control field 00689cam a22002054a 4500
001 - CONTROL NUMBER
control field 740465
005 - DATE AND TIME OF LATEST TRANSACTION
control field 20241112094343.0
008 - FIXED-LENGTH DATA ELEMENTS--GENERAL INFORMATION
fixed length control field 990205s2000 njua b 001 0 eng
020 ## - INTERNATIONAL STANDARD BOOK NUMBER
International Standard Book Number 0137419503
050 00 - LIBRARY OF CONGRESS CALL NUMBER
Classification number TA351
Item number .S25 2000
082 00 - DEWEY DECIMAL CLASSIFICATION NUMBER
Classification number 620.1/03
Edition information 21
100 1# - MAIN ENTRY--PERSONAL NAME
Personal name Salter, Graham R.
245 10 - TITLE STATEMENT
Title Computer-aided statics and strength of materials /
Statement of responsibility, etc. Graham R. Salter.
260 ## - PUBLICATION, DISTRIBUTION, ETC.
Place of publication, distribution, etc. Upper Saddle River, N.J. :
Name of publisher, distributor, etc. Prentice Hall,
Date of publication, distribution, etc. c2000.
300 ## - PHYSICAL DESCRIPTION
Extent xi, 675 p. :
Other physical details ill. ;
Dimensions 25 cm. +
Accompanying material 1 computer laser optical disc (4 3/4 in.)
650 #0 - SUBJECT ADDED ENTRY--TOPICAL TERM
Topical term or geographic name entry element Statics
General subdivision Data processing.
650 #0 - SUBJECT ADDED ENTRY--TOPICAL TERM
Topical term or geographic name entry element Strength of materials
General subdivision Data processing.
650 #0 - SUBJECT ADDED ENTRY--TOPICAL TERM
Topical term or geographic name entry element Computer-aided engineering.
942 ## - ADDED ENTRY ELEMENTS (KOHA)
Source of classification or shelving scheme Library of Congress Classification
Koha item type Books
Suppress in OPAC No
999 ## -
-- 1045
-- 1045
Holdings
Withdrawn status Lost status Source of classification or shelving scheme Damaged status Not for loan Home library Current library Date acquired Total checkouts Full call number Barcode Date last seen Price effective from Koha item type
    Library of Congress Classification     Graduate Library (Christ Temple) Graduate Library (Christ Temple) 11/12/2024   TA 351SAl GSCT00000019 11/12/2024 11/12/2024 Books
© 2023-2024 Copyright: Central University Libraries. All Rights Reserved | Created by: Mahone Tech Office